Wife to Mr. Milton

Novela de ficción histórica, relata el matrimonio de Marie Powell con el gran poeta John Milton en la época de la guerra civil de Inglaterra, retratando hechos históricos y el punto de vista de la protagonista como una joven que debe vivir bajo el yugo desu esposo, un hombre engreído, fanfarrón y c...

وصف كامل

محفوظ في:
التفاصيل البيبلوغرافية
المؤلف الرئيسي: Graves, Robert
التنسيق: كتاب
اللغة:Undetermined
منشور في: Londres, Inglaterra Penguin Books 1954
الموضوعات:
الوسوم: إضافة وسم
لا توجد وسوم, كن أول من يضع وسما على هذه التسجيلة!

MARC

LEADER 00000nam a2200000Ia 4500
008 170316s9999 xx 000 0 und d
040 |a cru BVZT 
090 |a 820 G-12wi 
100 |a Graves, Robert 
245 |a Wife to Mr. Milton 
260 |a Londres, Inglaterra 
260 |b Penguin Books 
260 |c 1954 
300 |a 415 páginas 
520 |a Novela de ficción histórica, relata el matrimonio de Marie Powell con el gran poeta John Milton en la época de la guerra civil de Inglaterra, retratando hechos históricos y el punto de vista de la protagonista como una joven que debe vivir bajo el yugo desu esposo, un hombre engreído, fanfarrón y cruel. 
650 |a LITERATURA INGLESA  |9 12 
999 |c 6893  |d 6893 
942 |c 15 D  |h 820 G-12wi  |2 z